| 000 | 00668cab a2200217 4500 | ||
|---|---|---|---|
| 001 | ABS46523 | ||
| 008 | 090401t1992 xxu||||| |||| 00| 0 eng d | ||
| 035 | _a(Sirsi) u58658 | ||
| 041 | _aeng | ||
| 100 | _aPettipher, M. | ||
| 245 | _aUnder control | ||
| 260 | _c1992 | ||
| 350 | _a0 | ||
| 490 |
_aNew Builder _v(133) 11 June 1992, 20-21(2) |
||
| 520 | _aDiscusses how the new Building Regulations are to be enforced with particular reference to section B on fire safety. | ||
| 650 | _aBUILDING REGULATIONS 1991 | ||
| 650 | _aMANAGEMENT-HEALTH AND SAFETY-FIRE SAFETY | ||
| 690 | _aBUILDING AND CONSTRUCTION-REGULATIONS | ||
| 942 | _n0 | ||
| 948 | _c04/03/1997 | ||
| 999 |
_c35856 _d35856 |
||